000 00356nam a2200145Ia 4500
008 240624s9999 xx 000 0 und d
041 _aeng
082 _a339 MAN
100 _aMANKIW N GREGORY
245 _aMACROECONOMICS
250 _a(6th ed.)
260 _c2009
_aNew Delhi
_bWorth Publishers
300 _axxxvi, : 578 : p. : cm. ; 24
365 _cRS
999 _c20281
_d20281